00827nas a2200229Ia 4500001001100000003000900011008004100020040001300061040001300074041001300087100004900100210001700149222001700166245009800183250001100281260002300292501008600315300001600401362004400417500010000461650003600561R010/87980IT-RoPAU151124c99999999xx |||||||||||| ||und|| aIT-RoPAU cIT-RoPAU aITALIANO aSanguineti EdoardogCodice Aut. SPICS: 1646 aCINEMA NUOVO aCinema Nuovo aCINEMA NUOVO, ANNO 39-N.323 (GENNAIO/FEBBRAIO 1990)bOccorre Riscrivere la Storia Del Cinema? a1a ed. aBARIbDEDALOc1990 bPaulus - SPICS - Società San Paolo EM (non-commercial uses only)cCopyright2015 a5 p. [9-13] aANNO 039, N.323 (GENNAIO/FEBBRAIO 1990) aNecessaria una Revisione di Giudizi Dati Magari con Molta Leggerezza su Opere Cinematografiche. aCINEMAvPUBBLICAZIONE PERIODICA